|
|
|
|
| LEADER |
00000nam a22000007a 4500 |
| 008 |
220223b2017 ||||| |||| 00| | spa d |
| 999 |
|
|
|c 3954
|d 3954
|
| 020 |
|
|
|a 9788471124098
|
| 090 |
|
|
|a 06.04.02
|b 2617
|
| 100 |
|
|
|9 4783
|a Apple, Michael W.
|e Compilador/a
|
| 245 |
1 |
0 |
|a Escuelas democráticas /
|c Michael W. Apple, James A. Beane, compiladores
|
| 250 |
|
|
|a Quinta edición
|
| 260 |
|
|
|a Madrid :
|b Morata,
|c 2017
|
| 300 |
|
|
|a 167 páginas
|
| 650 |
1 |
4 |
|9 300
|a ESCUELAS
|
| 650 |
1 |
4 |
|9 1
|a EDUCACIÓN
|
| 650 |
1 |
4 |
|9 1431
|a DEMOCRATIZACIÓN DE LA EDUCACIÓN
|
| 700 |
|
|
|9 4784
|a Beane, James A.
|
| 942 |
|
|
|i 004682
|h 06.04.02 2617
|2 z
|c 01
|